| 000 | 01012nac a22002537a 4500 | ||
|---|---|---|---|
| 001 | BR8005182 | ||
| 003 | BR-BrBNA | ||
| 005 | 20240105114753.0 | ||
| 008 | 230509b bl.|||m| |||| 00| 0 por d | ||
| 040 |
_aBR-BrBNA _bpor _cBiblioteca Nacional de Agricultura |
||
| 072 | _aE30; E15 | ||
| 090 | _aE30 BR8005182 | ||
| 110 | 1 |
_aSecretaria da Agricultura do Maranhao, Sao Luis (Brasil). Sistema Estadual de Agricultura e Abastecimento _98265 |
|
| 245 | 1 | _aRelatorio das atividades do Sistema Estadual de Agricultura e Abastecimento durante o ano de 1980 [desenvolvimento agricola, economia agricola, Maranhao, Brasil] | |
| 260 | 3 |
_aSao Luis, MA (Brasil): _c1980. |
|
| 300 | _a31 p. | ||
| 490 |
_aRelatorio - Secretaria da Agricultura do Maranhao. Sistema Estadual de Agricultura e Abastecimento (Brazil) _v _x |
||
| 500 | _a20 tables | ||
| 650 | _aDESENVOLVIMENTO AGRICOLA | ||
| 650 | _aECONOMIA AGRICOLA | ||
| 650 | _aMARANHAO | ||
| 909 |
_a202312 _bLúcia Elande _c55 _dLúcia Elande |
||
| 942 |
_2AGRIS _n0 _cMS |
||
| 999 |
_c271210 _d271210 |
||